| 000 | 00387nam a22001337a 4500 | ||
|---|---|---|---|
| 020 | _qPB. | ||
| 040 | _cFizza Ishaq | ||
| 082 |
_a808.064 _bFAN |
||
| 100 |
_a Fanny, Maude Evans. _9132253 |
||
| 245 |
_aChanging Memories into Memoirs: Guide to Writing Your Life Story / _c Fanny Maude-Evans. |
||
| 260 |
_aNew York, _bJoanna Cotler Books; _c1984. |
||
| 300 | _a214 P. ; | ||
| 942 |
_2ddc _cBK |
||
| 999 |
_c615494 _d615494 |
||